Music Quiz

Random Music or Artist Quiz
Score 0/30 Timer 05:00
3 Plays Today
% Correct
More
92%
Far
90.4%
Up
90%
Best
88.9%
Closer
88.6%
Mama
86.9%
Eileen
84.8%
Back
84.4%
Window
82.7%
Again
82.2%
Easy
82%
Fly
82%
Together
81.7%
Day
80.7%
Change
78.8%
% Correct
Boston
78.4%
Around
77.1%
Sail
76.1%
Boat
75.6%
Go
74.5%
Love
73.9%
About
72.8%
Baby
72.4%
With
65.3%
Higher
61.5%
Dancing
47.2%
Today
45.6%
Softly
41.1%
Monday
40.9%
April
35.9%
Remove Ads.
Support Sporcle.
Get the best of Sporcle when you Go Orange. This ad-free experience offers more features, more stats, and more fun while also helping to support Sporcle. Thank you for becoming a member.

You're not logged in!

Compare scores with friends on all Sporcle quizzes.
OR
Log In

Show Comments

Extras

Top Quizzes Today


Score Distribution

Your Account Isn't Verified!

In order to create a playlist on Sporcle, you need to verify the email address you used during registration. Go to your Sporcle Settings to finish the process.

Report this User

Report this user for behavior that violates our Community Guidelines.

Details: